Novelizované predpisy o dani z pridanej hodnoty s dôvodovými správami

Salvato in:
Dettagli Bibliografici
Natura: Libro
Lingua:slovacco
Pubblicazione: Bratislava EPOS 1993
Edizione:1. vyd.
Soggetti:
Tags: Aggiungi Tag
Nessun Tag, puoi essere il primo ad aggiungerne!!

MARC

LEADER 00000nam a2200000 4500
001 c009443
005 20221214083623.4
020 |a 80-85703-45-9 
041 0 |a slo 
044 |a SK 
245 1 0 |a Novelizované predpisy o dani z pridanej hodnoty s dôvodovými správami 
250 |a 1. vyd. 
264 1 |a Bratislava  |b EPOS  |c 1993 
300 |a 108 s.  |e 1 príl. 
610 2 0 |a dane 
610 2 0 |a dane z hodnoty pridanej 
610 2 0 |a zákony 
610 2 0 |a priznania daňové